Geography by Picture - Y - Statistics

General Stats
  • This quiz has been taken 411 times
  • The average score is 12 of 18
Answer Stats
Picture Hint Answer % Correct
river Yellow River
97%
country Yemen
93%
national park Yellowstone
92%
former country Yugoslavia
90%
peninsula Yucatan
89%
river Yangtze River
83%
city York
81%
territory Yukon
81%
national park Yosemite
77%
conference location Yalta
67%
AKA lawn Yard
63%
capital city Yerevan
59%
Belgian battlefield Ypres
54%
Canadian city Yellowknife
43%
capital city Yaoundé
40%
capital city Yamoussoukro
34%
town/battlefield Yorktown
27%
city Yokohama
16%
No matching quizzes found
Score Distribution
Percent of People with Each Score
Percentile by Number Answered
Your Score History
You have not taken this quiz